000 00499nam a2200193Ia 4500
003 GCL
008 140319s9999 xx 000 0 eng d
040 _aGCL /
_cGCL
082 0 4 _a940.18082
_bPF
100 1 _aPERNOUD, REGINE
245 1 0 _aLA FEMME DU TEMPS DES CROISADES /
_cPERNOUD, REGINE
260 _a[S.N] :
_bSTOCK ET LAURENCE PERNOUD ،
_c1990
300 _a403
650 0 4 _aHISTORY
650 0 4 _aWOMEN
650 0 4 _aCRUSADES
650 0 4 _aHISTORY OF THE CRUSADES
942 _2ddc
_cBK
999 _c25364
_d25364